| 000 | 00791nam a22002657a 4500 | ||
|---|---|---|---|
| 999 |
_c9150 _d9150 |
||
| 001 | 9150 | ||
| 003 | BD-JhCC | ||
| 005 | 20180310101556.0 | ||
| 008 | 171015s2001 bg |||| ||a| 00| 0 bg d | ||
| 020 | _a984776042X | ||
| 035 | _a(BD-JhCC)9150 | ||
| 040 |
_aBD-JhCC _dBD-JhCC |
||
| 041 | _aben | ||
| 082 |
_a338.954 _bMAH 2001 |
||
| 100 | _aমাহমুদ, আনু | ||
| 245 |
_aসার্ক : এ্যাপেক : ডি-৮ : ইকো আঞ্চলিক অর্থনৈতিক ফোরাম / _cআনু মাহমুদ |
||
| 260 |
_aঢাকা : _bঐতিহ্য, _c2001. |
||
| 300 |
_a303 p. : _c22 cm. |
||
| 650 | _aBangladesh Economics | ||
| 650 | _aSAARC | ||
| 650 | _aD-8 | ||
| 650 | _aECO | ||
| 942 |
_2ddc _cBK |
||